Product Management (Record no. 209123)
[ view plain ]
| 000 -LEADER | |
|---|---|
| fixed length control field | 00343nam a2200145Ia 4500 |
| 008 - FIXED-LENGTH DATA ELEMENTS--GENERAL INFORMATION | |
| fixed length control field | 231221s9999 xx 000 0 und d |
| 041 ## - LANGUAGE CODE | |
| Language code of text/sound track or separate title | English |
| 082 ## - DEWEY DECIMAL CLASSIFICATION NUMBER | |
| Classification number | 658.56 CHU;12 R2 |
| 100 ## - MAIN ENTRY--PERSONAL NAME | |
| Personal name | Chunawalla, S.A |
| 245 #0 - TITLE STATEMENT | |
| Title | Product Management |
| 250 ## - EDITION STATEMENT | |
| Edition statement | 6th rev. ed. |
| 260 ## - PUBLICATION, DISTRIBUTION, ETC. | |
| Date of publication, distribution, etc. | 2007 |
| Name of publisher, distributor, etc. | Himalaya |
| Place of publication, distribution, etc. | Mumbai |
| 300 ## - PHYSICAL DESCRIPTION | |
| Extent | 318 |
| 942 ## - ADDED ENTRY ELEMENTS (KOHA) | |
| Koha item type | Business Management Library |
| Date last seen | Total checkouts | Full call number | Accession number | Cost, total (INR) price | Price effective from | Category | Lost status | Damaged status | Department | Withdrawn status | Home library | Current library | Shelving location | Entry date | Vendor | Cost, normal purchase price | Grants | Billnumber | Billdate | Currency symbol | Conversion rate | Discount | Old discount |
|---|---|---|---|---|---|---|---|---|---|---|---|---|---|---|---|---|---|---|---|---|---|---|---|
| 26/01/2024 | 658.56 CHU;12 R2 | BM1012 | 168.00 | 26/01/2024 | Business Management Library | Central Library | Central Library | Central Library | BB Books | 210.00 | BM | 113 | 17/02/2012 | RS | 1 | 42 | 20 | ||||||
| 26/01/2024 | 658.56 CHU;13 R3 | BM1013 | 168.00 | 26/01/2024 | Business Management Library | Central Library | Central Library | Central Library | Central Library | BB Books | 210.00 | BM | 113 | 17/02/2012 | RS | 1 | 42 | 20 | |||||
| 26/01/2024 | 658.56 CHU;14 | BM1014 | 168.00 | 26/01/2024 | Business Management Library | Central Library | Central Library | Central Library | Central Library | BB Books | 210.00 | BM | 113 | 17/02/2012 | RS | 1 | 42 | 20 | |||||
| 26/01/2024 | 658.56 CHU;15 | BM1015 | 168.00 | 26/01/2024 | Business Management Library | Central Library | Central Library | Central Library | Central Library | BB Books | 210.00 | BM | 113 | 17/02/2012 | RS | 1 | 42 | 20 |
